Cuadrar el delito: corrupción institucional y participación de políticas en el secuestro en México /
Na minha lista:
| Autor principal: | |
|---|---|
| Outros Autores: | |
| Formato: | Texto |
| Tags: |
Adicionar Tag
Sem tags, seja o primeiro a adicionar uma tag!
|
MARC
| LEADER | 00000 a a2200000 04500 | ||
|---|---|---|---|
| 001 | 47673 | ||
| 003 | |||
| 040 | |||
| 100 | |a Ruiz Torres, Miguel . | ||
| 245 | |a Cuadrar el delito: |b corrupción institucional y participación de políticas en el secuestro en México / |c Miguel Ruiz Torres, Elena Azaola Garrido | ||
| 700 | |a Azaola Garrido, Elena | ||
| 773 | |g volumen22, número44, (2014), páginas 91-112 | ||
| 999 | |c 39647 |d 39647 | ||
